[Event "Belgrade-chT2 Quality"]
[Site "Belgrade"]
[Date "2022.10.16"]
[Round "2.1"]
[White "Vrbljanac, Toma"]
[Black "Novakovic, Marko"]
[Result "0-1"]
[WhiteElo "2104"]
[BlackElo "2098"]
[PlyCount "64"]
[EventDate "2022.10.15"]
[EventType "team-tourn"]
[EventRounds "13"]
[EventCountry "SRB"]
[SourceTitle "EXT 2024"]
[Source "ChessBase"]
[SourceDate "2023.10.10"]
[SourceVersion "1"]
[SourceVersionDate "2023.10.10"]
[SourceQuality "1"]
[WhiteTeam "Belgrade Bogoslov"]
[BlackTeam "Zemun"]
[WhiteTeamCountry "SRB"]
[BlackTeamCountry "SRB"]

1. e4 c5 2. Nf3 a6 3. d4 cxd4 4. Nxd4 e5 5. Ne2 Nf6 6. Nbc3 h6 7. g3 Bc5 8. Bg2 d6 9. 0-0 Be6 10. b3 b5 11. a4 b4 12. Nd5 Bxd5 13. exd5 Ng4 14. h3 Nxf2 15. Rxf2 Qb6 16. Qf1 Nd7 17. a5 Bxf2+ 18. Qxf2 Qxf2+ 19. Kxf2 Ke7 20. Bd2 Rhc8 21. Ra2 Rab8 22. Nc1 Nc5 23. Ke3 f5 24. Bf1 g5 25. Bc4 f4+ 26. gxf4 gxf4+ 27. Ke2 Rg8 28. Nd3 Rg2+ 29. Kd1 Ne4 30. Be1 f3 31. Nxb4 Rxb4 32. Bxb4 Rg1+ 0-1

[Event "Belgrade Premier League"]
[Site "Belgrade"]
[Date "2021.10.03"]
[Round "3.3"]
[White "Danicic, Vasilj"]
[Black "Vrbljanac, Toma"]
[Result "0-1"]
[WhiteElo "1731"]
[BlackElo "2105"]
[PlyCount "74"]
[EventDate "2021.10.01"]
[EventType "team-tourn"]
[EventRounds "11"]
[EventCountry "SRB"]
[SourceTitle "CBM 204 Extra"]
[Source "ChessBase"]
[SourceDate "2021.11.30"]
[SourceVersion "1"]
[SourceVersionDate "2021.11.30"]
[SourceQuality "1"]
[WhiteTeam "Grocka"]
[BlackTeam "Belgrade Bogoslov"]
[WhiteTeamCountry "SRB"]
[BlackTeamCountry "SRB"]

1. d4 Nf6 2. c4 e6 3. Nf3 c5 4. Nc3 cxd4 5. Nxd4 a6 6. a3 Qc7 7. e4 b6 8. Be3 Bb7 9. f3 d6 10. Be2 Nbd7 11. 0-0 Be7 12. Rc1 0-0 13. b4 Rac8 14. Qb3 Rfd8 15. Rfd1 Qb8 16. Na4 Bf8 17. Bf2 d5 18. exd5 exd5 19. Nc3 dxc4 20. Bxc4 Ne5 21. Bf1 b5 22. a4 bxa4 23. Qxa4 Qa8 24. Nce2 Rxc1 25. Nxc1 Nd5 26. Nc2 Rc8 27. Na2 Nf4 28. Nd4 h6 29. Bg3 Neg6 30. Nc1 Be7 31. Nf5 Bf8 32. Qa1 Ne6 33. Qb2 Bxf3 34. Re1 Be4 35. Ne3 Qb7 36. b5 Bc5 37. Bf2 Bd4 0-1

[Event "Belgrade-chT Quality"]
[Site "Belgrade"]
[Date "2019.10.26"]
[Round "7.8"]
[White "Zubic, Aleksandar"]
[Black "Vrbljanac, Toma"]
[Result "0-1"]
[WhiteElo "1939"]
[BlackElo "2073"]
[PlyCount "80"]
[EventDate "2019.10.05"]
[EventType "team-tourn"]
[EventRounds "11"]
[EventCountry "SRB"]
[SourceTitle "EXT 2022"]
[Source "ChessBase"]
[SourceDate "2021.10.06"]
[SourceVersion "1"]
[SourceVersionDate "2021.10.06"]
[SourceQuality "1"]
[WhiteTeam "Banjica"]
[BlackTeam "Bogoslov"]
[WhiteTeamCountry "SRB"]
[BlackTeamCountry "SRB"]

1. e4 c5 2. Nf3 Nc6 3. d4 cxd4 4. Nxd4 Nf6 5. Nc3 e5 6. Ndb5 d6 7. Bg5 a6 8. Na3 b5 9. Nd5 Qa5+ 10. Bd2 Qd8 11. Be3 Rb8 12. f3 Nxd5 13. exd5 Ne7 14. c4 Nf5 15. Qd2 Nxe3 16. Qxe3 bxc4 17. Nxc4 Be7 18. Be2 0-0 19. 0-0 Rb5 20. Nxe5 dxe5 21. Bxb5 Qxd5 22. Bc6 Qxc6 23. Qxe5 Bf6 24. Qe2 Qb6+ 25. Kh1 Qxb2 26. Qxb2 Bxb2 27. Rab1 Bf6 28. Rfd1 Be6 29. a4 h6 30. Kg1 Ra8 31. Kf2 Be7 32. g3 a5 33. h4 h5 34. Ke3 g6 35. Kf4 Ra6 36. Ke3 Kg7 37. Rb7 Bb4 38. Kf4 Bd6+ 39. Kg5 Rc6 40. Rb5 f6# 0-1

[Event "Belgrade-chT Quality"]
[Site "Belgrade"]
[Date "2018.09.26"]
[Round "9.6"]
[White "Vrbljanac, Toma"]
[Black "Molnar, Luka S"]
[Result "1-0"]
[WhiteElo "2106"]
[BlackElo "1713"]
[PlyCount "46"]
[EventDate "2018.09.17"]
[EventType "team-tourn"]
[EventRounds "11"]
[EventCountry "SRB"]
[SourceTitle "CBM 186 Extra"]
[Source "ChessBase"]
[SourceDate "2018.08.24"]
[SourceVersion "1"]
[SourceVersionDate "2018.08.24"]
[SourceQuality "1"]
[WhiteTeam "Bogoslov"]
[BlackTeam "Tadic"]
[WhiteTeamCountry "SRB"]
[BlackTeamCountry "SRB"]

1. e4 e5 2. Nf3 Nc6 3. Nc3 Bc5 4. Nxe5 Nxe5 5. d4 Bd6 6. dxe5 Bxe5 7. Bc4 Nf6 8. 0-0 0-0 9. Re1 d6 10. Qd3 Re8 11. Bd2 Ng4 12. f4 Qh4 13. h3 Qf2+ 14. Kh1 Qh4 15. Kg1 Qf2+ 16. Kh1 Qh4 17. Re2 Bf6 18. Kg1 Bxc3 19. Bxc3 Nf6 20. g4 Nd7 21. g5 Nc5 22. Qd4 Kf8 23. Qxg7+ Ke7 1-0

[Event "Belgrade-chT Quality"]
[Site "Belgrade"]
[Date "2018.09.22"]
[Round "6.6"]
[White "Savic, Mihailo S"]
[Black "Vrbljanac, Toma"]
[Result "1-0"]
[WhiteElo "2082"]
[BlackElo "2106"]
[PlyCount "111"]
[EventDate "2018.09.17"]
[EventType "team-tourn"]
[EventRounds "11"]
[EventCountry "SRB"]
[SourceTitle "CBM 186 Extra"]
[Source "ChessBase"]
[SourceDate "2018.08.24"]
[SourceVersion "1"]
[SourceVersionDate "2018.08.24"]
[SourceQuality "1"]
[WhiteTeam "Belgrade CC"]
[BlackTeam "Bogoslov"]
[WhiteTeamCountry "SRB"]
[BlackTeamCountry "SRB"]

1. e4 c5 2. Nf3 Nc6 3. Bb5 g6 4. 0-0 Bg7 5. c3 Nf6 6. Re1 0-0 7. h3 d6 8. d4 cxd4 9. cxd4 a6 10. Bf1 d5 11. e5 Ne8 12. Nc3 h6 13. Rb1 Nc7 14. b4 Bf5 15. Bd3 Nb5 16. Nxb5 axb5 17. Bxf5 gxf5 18. a3 e6 19. Qd3 Qb6 20. Bb2 Rfc8 21. h4 Na7 22. h5 Qd8 23. Bc1 Rc6 24. Bd2 Rc4 25. Rec1 Rac8 26. Bc3 Qc7 27. Bb2 Qd8 28. Nd2 Rxc1+ 29. Rxc1 Rxc1+ 30. Bxc1 Qc7 31. Bb2 Qc6 32. f4 b6 33. Qc3 Kf8 34. Kf2 Ke7 35. Ke2 Qxc3 36. Bxc3 Bf8 37. Nf1 f6 38. Ne3 Bg7 39. Be1 Nc6 40. Kd3 Kf7 41. Bh4 Ne7 42. g4 Bh8 43. g5 fxg5 44. fxg5 hxg5 45. Bxg5 Bg7 46. Nd1 Nc6 47. Nc3 Bxe5 48. dxe5 Nxe5+ 49. Ke2 Nc4 50. Nxb5 e5 51. a4 d4 52. Kd3 Nb2+ 53. Kc2 Nxa4 54. Kb3 Nc5+ 55. bxc5 bxc5 56. Nd6+ 1-0

[Event "Belgrade-chT"]
[Site "Belgrade"]
[Date "2015.09.22"]
[Round "2.5"]
[White "Vrbljanac, Toma"]
[Black "Rajcevic, Stevan"]
[Result "1-0"]
[WhiteElo "2141"]
[BlackElo "2103"]
[PlyCount "76"]
[EventDate "2015.09.21"]
[EventType "team-tourn"]
[EventRounds "9"]
[EventCountry "SRB"]
[SourceTitle "CBM 168 Extra"]
[Source "ChessBase"]
[SourceDate "2015.10.29"]
[SourceVersion "1"]
[SourceVersionDate "2015.10.29"]
[SourceQuality "1"]
[WhiteTeam "Bogoslov"]
[BlackTeam "MZ Cirilo i Metodije"]
[WhiteTeamCountry "SRB"]
[BlackTeamCountry "SRB"]

1. e4 e5 2. Nf3 Nf6 3. Nc3 Bb4 4. Nxe5 Qe7 5. Nc4 0-0 6. Be2 Bxc3 7. dxc3 Qxe4 8. 0-0 d5 9. Ne3 c6 10. Qd4 Be6 11. Bd3 Qxd4 12. cxd4 Ne4 13. c3 Nd7 14. f3 Nd6 15. Bd2 Rfe8 16. Rae1 Nf6 17. Rf2 b5 18. Rfe2 Bd7 19. g4 h6 20. Kf2 Nc4 21. Bc1 Nxe3 22. Bxe3 a5 23. a3 Rab8 24. Bd2 Rxe2+ 25. Rxe2 a4 26. Kg3 Re8 27. Rg2 Bc8 28. Kf4 g5+ 29. Kg3 Nh7 30. h4 f6 31. Rh2 Kg7 32. Bxh7 Kxh7 33. hxg5 fxg5 34. Bxg5 Be6 35. Bf4 Kg7 36. Be5+ Kh7 37. Kh4 Rg8 38. Kh5 Bd7 1-0

[Event "Belgrade-chT"]
[Site "Belgrade"]
[Date "2014.10.26"]
[Round "8"]
[White "Vrbljanac, Toma"]
[Black "Gemovic, Djordje"]
[Result "1/2-1/2"]
[WhiteElo "2133"]
[BlackElo "1702"]
[PlyCount "50"]
[EventDate "2014.10.04"]
[EventType "team-tourn"]
[EventRounds "13"]
[EventCountry "SRB"]
[SourceTitle "EXT 2015"]
[Source "ChessBase"]
[SourceDate "2014.11.20"]
[SourceVersion "1"]
[SourceVersionDate "2014.11.20"]
[SourceQuality "1"]

1. e4 c5 2. Nf3 Nc6 3. d4 cxd4 4. Nxd4 d6 5. Nc3 a6 6. g3 Qc7 7. Bg2 Nf6 8. 0-0 e6 9. Re1 Be7 10. a4 Bd7 11. Nb3 0-0 12. h3 Rac8 13. g4 Ne5 14. Nd2 b5 15. axb5 axb5 16. Nf1 b4 17. Na2 Qxc2 18. Nxb4 Qxd1 19. Rxd1 Bb5 20. Bd2 Be2 21. Re1 Nf3+ 22. Bxf3 Bxf3 23. Ng3 d5 24. exd5 Nxd5 25. Nxd5 Bxd5 1/2-1/2

[Event "Belgrade City-chT"]
[Site "Belgrade"]
[Date "2013.11.09"]
[Round "5"]
[White "Vrbljanac, Toma"]
[Black "Radojkovic, Vladica R"]
[Result "1-0"]
[WhiteElo "2126"]
[BlackElo "2018"]
[PlyCount "107"]
[EventDate "2013.10.26"]
[EventType "team-tourn"]
[EventRounds "11"]
[EventCountry "SRB"]
[SourceTitle "EXT 2015"]
[Source "ChessBase"]
[SourceDate "2014.11.20"]
[SourceVersion "1"]
[SourceVersionDate "2014.11.20"]
[SourceQuality "1"]

1. e4 d6 2. d4 e6 3. Nc3 Nd7 4. g3 Ne7 5. Bg2 Ng6 6. Nge2 Be7 7. 0-0 Nb6 8. a4 a5 9. b3 0-0 10. Be3 Bd7 11. f4 Re8 12. Qd3 Qc8 13. Rae1 Ra6 14. Nb5 c6 15. Nbc3 d5 16. e5 Bb4 17. Rc1 Ne7 18. Nd1 Nf5 19. Bf2 Be7 20. g4 Nh6 21. Ne3 c5 22. Bh3 c4 23. Qd1 Ba3 24. Rb1 cxb3 25. cxb3 Na8 26. Bh4 Rc6 27. Bg5 Kh8 28. Bxh6 gxh6 29. f5 Rg8 30. Kh1 Nb6 31. Qd3 Rg5 32. Rf3 Bb4 33. Rbf1 Rg7 34. Bg2 Bf8 35. h4 Qd8 36. Rh3 Qc8 37. Rff3 Qc7 38. Rfg3 Qd8 39. g5 exf5 40. Nxf5 Rgg6 41. Nf4 Qc8 42. Nxg6+ hxg6 43. Nxh6 Bxh6 44. gxh6 Bxh3 45. Bxh3 Rc1+ 46. Bf1 Qf8 47. Rf3 Qxh6 48. Rxf7 Qxh4+ 49. Kg1 Qg4+ 50. Kh2 Rd1 51. Qe3 Qh4+ 52. Bh3 Rxd4 53. e6 Re4 54. Qf3 1-0

[Event "Belgrade-chT Quality"]
[Site "Belgrade"]
[Date "2012.10.27"]
[Round "5.2"]
[White "Vrbljanac, Toma"]
[Black "Stojanovic, Sasa M"]
[Result "1-0"]
[WhiteElo "2129"]
[BlackElo "2039"]
[PlyCount "123"]
[EventDate "2012.10.13"]
[EventType "team-tourn"]
[EventRounds "11"]
[EventCountry "SRB"]
[SourceTitle "EXT 2019"]
[Source "ChessBase"]
[SourceDate "2018.10.10"]
[SourceVersion "1"]
[SourceVersionDate "2018.10.10"]
[SourceQuality "1"]

1. e4 c5 2. Nf3 e6 3. d4 cxd4 4. Nxd4 Nf6 5. Nc3 d6 6. g3 Be7 7. Bg2 0-0 8. 0-0 a6 9. Re1 Qc7 10. a4 Nbd7 11. Nb3 Rb8 12. a5 b5 13. axb6 Nxb6 14. Na5 e5 15. Qd3 h6 16. h3 Nbd7 17. Nc4 Nc5 18. Qe2 Bb7 19. b3 Rfe8 20. Ba3 Ne6 21. Bb4 Nd4 22. Qd3 d5 23. Nxd5 Nxd5 24. Ba5 Nb4 25. Bxc7 Nxd3 26. cxd3 Rbc8 27. Bxe5 Nc2 28. Rec1 Nxa1 29. Rxa1 Red8 30. Bf1 f6 31. Bc3 Bc5 32. Be2 Bd4 33. Bxd4 Rxd4 34. f3 Rb8 35. Kf2 Bc8 36. Ra3 Kh7 37. h4 g5 38. hxg5 hxg5 39. Ke3 Rd8 40. d4 Kg7 41. d5 f5 42. Ne5 Rb6 43. Bc4 Re8 44. Kd4 fxe4 45. fxe4 Rh6 46. b4 Rh1 47. Bxa6 Bxa6 48. Rxa6 Rd1+ 49. Nd3 Rg1 50. Ra7+ Kh6 51. d6 Rxg3 52. d7 Rd8 53. Nc5 Rg1 54. e5 Rd1+ 55. Ke4 Kg6 56. Ra6+ Kf7 57. Rf6+ Ke7 58. Rg6 Re1+ 59. Kd5 Rxd7+ 60. Nxd7 Kxd7 61. Rg7+ Kd8 62. Rxg5 1-0

[Event "Belgrade-chT Quality"]
[Site "Belgrade"]
[Date "2012.10.13"]
[Round "1.2"]
[White "Dimitrijevic, Sava"]
[Black "Vrbljanac, Toma"]
[Result "1-0"]
[WhiteElo "1996"]
[BlackElo "2129"]
[PlyCount "87"]
[EventDate "2012.10.13"]
[EventType "team-tourn"]
[EventRounds "11"]
[EventCountry "SRB"]
[SourceTitle "EXT 2019"]
[Source "ChessBase"]
[SourceDate "2018.10.10"]
[SourceVersion "1"]
[SourceVersionDate "2018.10.10"]
[SourceQuality "1"]

1. c4 Nf6 2. Nc3 e6 3. g3 c5 4. e3 a6 5. Bg2 Qc7 6. Nge2 Be7 7. 0-0 0-0 8. b3 d6 9. d4 cxd4 10. exd4 Nbd7 11. h3 Rd8 12. Be3 Rb8 13. Rc1 b6 14. Re1 Bb7 15. d5 e5 16. g4 Bc8 17. Ng3 Nf8 18. g5 Ne8 19. Nce4 f5 20. gxf6 Nxf6 21. b4 Nxe4 22. Nxe4 Bf5 23. c5 bxc5 24. bxc5 dxc5 25. Nxc5 Qa5 26. Qe2 Rb5 27. Nb3 Qa3 28. Rc6 Bf6 29. Nc5 Rb2 30. Qf3 Bc8 31. Rxf6 gxf6 32. Qxf6 Qa5 33. Rc1 Re8 34. Bh6 Qc7 35. Ne6 Qf7 36. Qxf7+ Kxf7 37. Nxf8 Bf5 38. d6 e4 39. d7 Rd8 40. Bg5 Rxf8 41. d8Q Rxd8 42. Bxd8 Rxa2 43. Rc6 e3 44. Bd5+ 1-0

[Event "Belgrade Winter op"]
[Site "Belgrade"]
[Date "2007.01.25"]
[Round "2"]
[White "Petrovic, Milan"]
[Black "Vrbljanac, Toma"]
[Result "1/2-1/2"]
[WhiteElo "2035"]
[BlackElo "2178"]
[PlyCount "63"]
[EventDate "2007.01.24"]
[EventType "swiss"]
[EventRounds "9"]
[EventCountry "YUG"]
[SourceTitle "EXT 2010"]
[Source "ChessBase"]
[SourceDate "2010.11.25"]
[SourceVersion "1"]
[SourceVersionDate "2010.11.25"]
[SourceQuality "1"]

1. e4 c5 2. Nc3 Nc6 3. f4 d6 4. Nf3 g6 5. Bc4 Bg7 6. 0-0 Nf6 7. Qe1 0-0 8. f5 Na5 9. Bb3 a6 10. fxg6 hxg6 11. d3 Nxb3 12. axb3 Bd7 13. Qh4 Bc6 14. Bh6 Qd7 15. h3 Nh7 16. Ng5 Bxh6 17. Qxh6 Nxg5 18. Qxg5 Kg7 19. Rf4 Rh8 20. Raf1 Raf8 21. Rg4 Rh6 22. Ne2 f6 23. Qe3 Qc8 24. Ng3 Kh7 25. Rff4 e5 26. Rxg6 exf4 27. Rxh6+ Kxh6 28. Qxf4+ Kh7 29. Nf5 Qd7 30. Qh6+ Kg8 31. Qg6+ Kh8 32. Qh6+ 1/2-1/2

[Event "Serbia-ch"]
[Site "Vrnjacka Banja"]
[Date "2006.02.04"]
[Round "8"]
[White "Jevtic, Miroljub L"]
[Black "Vrbljanac, Toma"]
[Result "0-1"]
[WhiteElo "2153"]
[BlackElo "2182"]
[PlyCount "132"]
[EventDate "2006.01.30"]
[EventType "swiss"]
[EventRounds "9"]
[EventCountry "YUG"]
[SourceTitle "CBM 110 Extra"]
[Source "ChessBase"]
[SourceDate "2006.03.10"]
[SourceVersion "2"]
[SourceVersionDate "2006.03.10"]
[SourceQuality "1"]

1. d4 Nf6 2. c4 c5 3. d5 e6 4. Nc3 exd5 5. Nxd5 d6 6. Bg5 Nbd7 7. Qa4 Be7 8. Nxe7 Qxe7 9. Nf3 0-0 10. e3 h6 11. Bh4 Ne5 12. Be2 Bd7 13. Qc2 Bc6 14. Bxf6 Qxf6 15. e4 Qf4 16. Nd2 Ng4 17. Bxg4 Qxg4 18. 0-0 f5 19. f3 Qg5 20. Rfe1 Rad8 21. Rad1 Rf6 22. exf5 Qxf5 23. Qxf5 Rxf5 24. Ne4 Bxe4 25. Rxe4 Kf7 26. Re3 Rf4 27. b3 a6 28. a4 b5 29. axb5 axb5 30. g3 Rf6 31. Rde1 Rd7 32. f4 g5 33. fxg5 hxg5 34. Kg2 bxc4 35. bxc4 Rb7 36. R1e2 Rb1 37. Kh3 Rd1 38. Re4 Kg6 39. Ra2 Kf5 40. Rae2 g4+ 41. Kg2 Kg5 42. h4+ gxh3+ 43. Kxh3 Rh6+ 44. Kg2 Rf6 45. Rh4 Rf5 46. Rh8 Rd4 47. Re6 Rf6 48. Rg8+ Kf5 49. Re2 Rxc4 50. Rf2+ Ke6 51. Re8+ Kf7 52. Rfe2 Rd4 53. R8e7+ Kg6 54. Kh3 c4 55. g4 Kg5 56. Rg7+ Rg6 57. Rxg6+ Kxg6 58. Kh4 c3 59. Rc2 Rd3 60. g5 d5 61. Kg4 d4 62. Kf4 Rd2 63. Rc1 Re2 64. Rh1 d3 65. Rh6+ Kg7 66. Rc6 d2 0-1

[Event "Belgrade Ada op"]
[Site "Belgrade"]
[Date "2005.08.22"]
[Round "8"]
[White "Vrbljanac, Toma"]
[Black "Antonic, Dusan"]
[Result "0-1"]
[WhiteElo "2195"]
[BlackElo "2066"]
[PlyCount "76"]
[EventDate "2005.08.15"]
[EventType "swiss"]
[EventRounds "9"]
[EventCountry "YUG"]
[SourceTitle "CBM 107 Extra"]
[Source "ChessBase"]
[SourceDate "2005.09.01"]
[SourceVersion "1"]
[SourceVersionDate "2005.09.01"]
[SourceQuality "1"]

1. e4 c5 2. Nf3 d6 3. d4 cxd4 4. Nxd4 Nf6 5. Nc3 g6 6. g3 Bd7 7. Bg2 Nc6 8. 0-0 Bg7 9. Re1 0-0 10. h3 Qc8 11. Nxc6 bxc6 12. g4 h5 13. g5 Nh7 14. Qd3 Rd8 15. Ne2 Rb8 16. Rb1 Qc7 17. b3 Qa5 18. Bd2 Qb5 19. c4 Qa6 20. Qc2 d5 21. cxd5 cxd5 22. Qc5 dxe4 23. Be3 Qxa2 24. Qxa7 Qxa7 25. Bxa7 Rb5 26. Red1 Nxg5 27. Nd4 Rd5 28. h4 Bg4 29. hxg5 Bxd1 30. Nc6 R8d7 31. Bxe4 Rxg5+ 32. Kf1 Bg4 33. b4 Be6 34. f4 Bc4+ 35. Kf2 Rg4 36. Rc1 Rxf4+ 37. Ke3 Rxe4+ 38. Kxe4 Bd5+ 0-1

[Event "Belgrade Jezero op 10th"]
[Site "Belgrade"]
[Date "2004.08.19"]
[Round "3"]
[White "Vrbljanac, Toma"]
[Black "Ravic, Nenad"]
[Result "1-0"]
[WhiteElo "2198"]
[BlackElo "2041"]
[PlyCount "85"]
[EventDate "2004.08.17"]
[EventType "swiss"]
[EventRounds "9"]
[EventCountry "YUG"]
[SourceTitle "EXT 2005"]
[Source "ChessBase"]
[SourceDate "2004.11.15"]
[SourceVersion "1"]
[SourceVersionDate "2004.11.15"]
[SourceQuality "1"]

1. e4 c5 2. Nf3 d6 3. d4 cxd4 4. Nxd4 Nf6 5. Nc3 a6 6. g3 e5 7. Nb3 Nbd7 8. Bg2 Be7 9. 0-0 b5 10. Be3 Nb6 11. a4 b4 12. Bxb6 Qxb6 13. a5 Qc7 14. Na4 Nd7 15. Re1 0-0 16. Bf1 Bb7 17. Qd2 Rab8 18. Bh3 Bc6 19. Bxd7 Bxd7 20. Nb6 Be6 21. Qd3 Kh8 22. Nd2 f5 23. Rad1 Rbd8 24. Ndc4 Rf7 25. Ne3 fxe4 26. Qxa6 Rdf8 27. Re2 Qc5 28. Nbd5 Bd8 29. Qc4 Qxc4 30. Nxc4 Bg4 31. Rde1 Bxe2 32. Rxe2 Be7 33. Nxb4 Ra8 34. Nd5 Bf8 35. b4 Rb7 36. Ncb6 Ra6 37. c4 Be7 38. Rxe4 Bd8 39. f4 Bxb6+ 40. Nxb6 Raxb6 41. axb6 Rxb6 42. fxe5 Rxb4 43. exd6 1-0